Indovina la regione d'Italia dal suo cibo tipico - Statistics

Statistiche generali
  • Questo quiz è stato fatto 1.432 volte
  • Il punteggio medio è 10 su 20
Risposte nella Mappa
Le risposte nella mappa del quiz sottostante sono codificate secondo una scala di colori dal rosso al verde in base alla % di persone che hanno risposto correttamente.
 
Statistiche sulle risposte
Risposta % Corretto
Bistecca fiorentina
83%
'Nduja
83%
Cannolo
81%
Cacio e pepe
80%
Pizza
73%
Pasta al pesto
69%
Lasagne
68%
Risotto allo zafferano
62%
Canederli
59%
Orecchiette al ragù
59%
Fonduta
52%
Bagna Cauda
51%
Risi e bisi
43%
Porchetto arrosto
39%
Ciausculo
23%
Musetto
15%
Fusilli
14%
Mazzarelle
12%
Rocciata
12%
Strazzata
11%
Nessun quiz corrispondente trovato
Distribuzione punteggi
Percentuale di utenti per punteggio
Percentile per numero di risposta
I tuoi punteggi nel tempo
Non hai fatto questo quiz